Score 0/60 Timer 10:00
0 Plays Today
Player Team % Correct
Wendell Carter Jr.Chicago Bulls
100%
Kris DunnMinnesota Timberwolves
100%
Kris DunnChicago Bulls
100%
Ryan ArcidiaconoChicago Bulls
96.6%
Cristiano FelícioChicago Bulls
96.6%
Daniel GaffordChicago Bulls
96.6%
Zach LaVineMinnesota Timberwolves
96.6%
Zach LaVineChicago Bulls
96.6%
Luke KornetChicago Bulls
93.1%
Lauri MarkkanenChicago Bulls
93.1%
Tomáš SatoranskýWashington Wizards
93.1%
Tomáš SatoranskýChicago Bulls
93.1%
Thaddeus YoungIndiana Pacers
93.1%
Thaddeus YoungChicago Bulls
93.1%
Shaquille HarrisonChicago Bulls
89.7%
Chandler HutchinsonChicago Bulls
89.7%
Adam MokokaChicago Bulls
89.7%
Otto Porter Jr.Washington Wizards
89.7%
Otto Porter Jr.Chicago Bulls
89.7%
Denzel ValentineChicago Bulls
89.7%
Coby WhiteChicago Bulls
89.7%
Max StrusChicago Bulls
86.2%
Daniel GaffordWindy City Bulls
79.3%
Luke KornetNew York Knicks
79.3%
Thaddeus YoungPhiladelphia 76ers
79.3%
Cristiano FelícioWindy City Bulls
75.9%
Zach LaVineUCLA
75.9%
Ryan ArcidiaconoWindy City Bulls
72.4%
Wendell Carter Jr.Duke
72.4%
Chandler HutchinsonWindy City Bulls
72.4%
Player Team % Correct
Lauri MarkkanenArizona
72.4%
Adam MokokaWindy City Bulls
72.4%
Coby WhiteUNC
72.4%
Max StrusWindy City Bulls
69%
Denzel ValentineMichigan State
69%
Kris DunnProvidence
65.5%
Luke KornetWestchester Knicks
65.5%
Ryan ArcidiaconoVillanova
62.1%
Otto Porter Jr.Georgetown
62.1%
Daniel GaffordArkansas
55.2%
Shaquille HarrisonPhoenix Suns
55.2%
Thaddeus YoungBrooklyn Nets
48.3%
Chandler HutchinsonBoise State
44.8%
Shaquille HarrisonNorthern Arizona Suns
41.4%
Thaddeus YoungMinnesota Timberwolves
41.4%
Thaddeus YoungGeorgia Tech
34.5%
Ryan ArcidiaconoAustin Spurs
31%
Tomáš SatoranskýFC Barcelona Bàsquet
24.1%
Shaquille HarrisonTulsa
20.7%
Tomáš SatoranskýReal Betis Baloncesto
20.7%
Luke KornetVanderbilt
17.2%
Cristiano FelícioFlamengo
13.8%
Max StrusDePaul
13.8%
Cristiano FelícioMinas Tênis Clube
10.3%
Cristiano FelícioCanton Charge
10.3%
Adam MokokaKK Mega Basket
10.3%
Max StrusLewis University
10.3%
Lauri MarkkanenHBA-Märsky
6.9%
Adam MokokaBCM Gravelines-Dunkerque
6.9%
Tomáš SatoranskýUSK Praha
6.9%
Come Together.
Have Fun.
All Virtual.
We all need to come together. Play Sporcle's virtual live trivia to have fun, connect with people, and get your trivia on. Join a live hosted trivia game for your favorite pub trivia experience done virtually. If a virtual private party is more your thing, go here for details.

You're not logged in!

Compare scores with friends on all Sporcle quizzes.
OR
Log In

Sporcle TV

Today on Sporcle TV


Watch our educational content, quiz creation guides, and fun videos on Sporcle TV.

Show Comments

Extras

Top Quizzes Today


Score Distribution

Paid Content

Your Account Isn't Verified!

In order to create a playlist on Sporcle, you need to verify the email address you used during registration. Go to your Sporcle Settings to finish the process.

Report this User

Report this user for behavior that violates our Community Guidelines.

Details: